Chargement en cours...

Ganithathile vinodangal /

Détails bibliographiques
Auteur principal: Thomas, E. J.
Format: Printed Book
Langue:Malayalam
Publié: Thiruvananthapuram : Kerala Bhasha Institute , 1987.
LEADER 00479nam a2200145Ia 4500
008 150624b xxu||||| |||| 00| | mal d
082 |a M 
100 |a Thomas, E. J. 
245 |c E. J. Thomas  |a Ganithathile vinodangal / 
260 |a Thiruvananthapuram :  |b Kerala Bhasha Institute ,  |c 1987. 
300 |a 65 p. 
546 |a In Malayalam. 
942 |c BK 
999 |c 81152  |d 81152 
952 |0 1  |1 0  |4 0  |6 510_000000000000000_THO_G  |7 0  |9 81096  |a UL  |b UL  |c ST1  |d 1998-09-15  |l 0  |o 510 THO/G  |p 60617  |r 2012-10-27  |y BK